Vonkajšie ekomomické vzťahy ako determinant rastu diplomová práca
Saved in:
| Main Author: | |
|---|---|
| Corporate Author: | |
| Other Authors: | |
| Format: | Book |
| Language: | Slovak |
| Published: |
Bratislava
2015
|
| Tags: |
No Tags, Be the first to tag this record!
|
MARC
| LEADER | 00000nbm a2200000 4500 | ||
|---|---|---|---|
| 001 | 0202576 | ||
| 005 | 20161212095746.3 | ||
| 041 | 0 | |a slo | |
| 044 | |a SK | ||
| 245 | 1 | 0 | |a Vonkajšie ekomomické vzťahy ako determinant rastu |b diplomová práca |c Denisa Minárová ; školiteľ: Eduard Nežinský |
| 264 | 1 | |a Bratislava |c 2015 | |
| 300 | |a 68 s. | ||
| 100 | 1 | |a Minárová, Denisa | |
| 700 | 1 | |a Nežinský, Eduard, 1972- | |
| 710 | 2 | |a Národohospodárska fakulta EU. Katedra hospodárskej politiky | |